Capital Cities - Sudden Death - Statistics

General Stats
  • This quiz has been taken 53 times
  • The average score is 13 of 16
Answers on the Grid
Answers color-coded by a green-red scale on the quiz's grid according to % correct below.
Lagos
Volvograd
Paris
Dublin
Reykjavik
Auckland
Palembang
Bangkok
Shanghai
Okinawa
Tokyo
Washington District of Colombia/ Washington D.C
San Francisco
Brasilia
Buenos Aires
Mumbai
Islamabad
Abu Dubai
Nis
Pristina
Lyon
Bär
Tirana
Thessaloniki
Istanbul
Batman
Baku
Singapore
Tunis
Rome
 
Answer Stats
Answer % Correct
Paris
98%
Dublin
95%
Reykjavik
90%
Rome
90%
Tokyo
88%
Brasilia
85%
Buenos Aires
83%
Bangkok
78%
Singapore
78%
Tunis
78%
Washington District of Colombia/ Washington D.C
78%
Islamabad
76%
Tirana
76%
Baku
73%
Abu Dubai
71%
Pristina
66%
No matching quizzes found
Score Distribution
Percent of People with Each Score
Percentile by Number Answered
Your Score History
You have not taken this quiz